000 00291nam a22001097a 4500
999 _c168357
_d168357
082 _a
_b
100 _aSasikala Devi A S
245 _aLakshminarayan Lal ke natakom meim azthithwad/
_cby Sasikala Devi A S.
260 _aMathura:
_bJawahar Pustakalaya,
_c2009.
650 _a
942 _cBK